000 00497nam a2200145Ia 4500
008 100204s9999 xx 000 0 und d
082 _b10696
100 _aशहा रतनलाल डी
245 _aतुका म्हणे ऐशा नरा
260 _bनीहारा प्रकाशन पुणे
_c1988
300 _a107
630 _aतुका म्हणे ऐशा नरा
730 _aतुका म्हणे ऐशा नरा
942 _cBOOK
999 _c455132
_d455129